000 00941nam a2200289 i 4500
001 000021899
003 DO-SdBNP
005 20260114102731.0
007 ta
008 100914s1983 dr a 000 0 spa d
040 _aDO-SdBNP
_bspa
_cBNPHU
_erda
041 _aspa
082 _axxx
_bR173f
_222
100 1 _aRamírez Suero, Matías
_eautor
_945448
245 1 0 _aFundación de Barahona /
_cMatías Ramirez Suero ; prólogo Manuel Eduardo González Féliz.
264 _aSanto Domingo :
_bTaller,
_c1983.
300 _a337 páginas :
_bilustraciones ;
_c26 cm.
336 _ardacontent
_btexto
_2txt
337 _ardamedia
_bsin mediación
_2n
338 _ardacarrier
_bvolumen
_2nc
490 1 _aSociedad Dominicana de Geografía
_v18
590 _aInventariado 2026/DG
700 1 _aGonzález Féliz, Manuel Eduardo,
_eprólogo
_945449
830 0 _aSociedad Dominicana de Geografía
_v18
_931910
910 _aDG
942 _2ddc
_cLBS1
999 _c21397
_d21397